Welcome to the Holygrace Academy Library

Please use search bar below to get started

INFORMATICS PRACTICES (Record no. 568)

MARC details
000 -LEADER
fixed length control field 00324nam a22001217a 4500
082 ## - DEWEY DECIMAL CLASSIFICATION NUMBER
Classification number 004
Item number CBSE/I
100 ## - MAIN ENTRY--AUTHOR NAME
Personal name CENTRAL BOARD OF SECONDARY EDUCATION
245 ## - TITLE STATEMENT
Title INFORMATICS PRACTICES
Remainder of title CLASS XI
260 ## - PUBLICATION, DISTRIBUTION, ETC. (IMPRINT)
Place of publication DELHI
Name of publisher CENTRAL BOARD OF SECONDARY EDUCATION
Year of publication 2010
300 ## - PHYSICAL DESCRIPTION
Number of Pages 337
650 ## - SUBJECT ADDED ENTRY--TOPICAL TERM
Topical Term IP FOR CLASS XI
Geographic subdivision INDIA
942 ## - ADDED ENTRY ELEMENTS (KOHA)
Koha item type Books
Holdings
Withdrawn status Lost status Collection code Home library Current library Shelving location Date acquired Source of acquisition Cost, normal purchase price Full call number Accession Number Koha item type
    Reference Main Library Main Library   02/05/2017 purchase 200.00 004 CBSE/I 10011 Books